పవన్ కళ్యాణ్ సినిమాలు - Statistics

General Stats
  • This quiz has been taken 3 times
  • The average score is 13 of 27
Answer Stats
సినిమాలు % Correct
ఖుషి
100%
జల్సా
100%
గబ్బర్ సింగ్
100%
అత్తారింటికి దారేది
100%
సర్దార్ గబ్బర్ సింగ్
100%
వకీల్ సాబ్
100%
భీమ్లా నాయక్
100%
బ్రో
100%
సుస్వాగతం
50%
తమ్ముడు
50%
బద్రి
50%
జాని
50%
గుడుంబా శంకర్
50%
బాలు
50%
బంగారం
50%
అన్నవరం
50%
పంజా
50%
అజ్ఞాతవాసి
50%
అక్కడ అమ్మాయి ఇక్కడ అబ్బాయి
0%
గోకులంలో సీత
0%
తొలిప్రేమ
0%
కొమరం పులి
0%
తీన్ మార్
0%
కెమెరామెన్ గంగతో రాంబాబు
0%
గోపాల గోపాల
0%
కాటమరాయుడు
0%
హరి హర వీరమల్లు
0%
No matching quizzes found
Score Distribution
Percent of People with Each Score
Percentile by Number Answered
Your Score History
You have not taken this quiz